Movies Quiz

Random Movies or Actor Quiz

'T' Movie Characters Quiz Stats

 Plays Quiz Updated Feb 16, 2015

Challenge
Share
Tweet
Score 0/25 Timer 04:00
8 Plays Today
picture name % Correct
Ted 'Theodore' Logan (Bill and Ted's…)
76.9%
T-rex (Jurassic Park)
76.7%
Toto (Wizard of Oz)
75.3%
Tina Turner (What's Love…)
71.5%
Thelma Dickinson (Thelma & Louise)
68%
Tony Montana (Scarface)
63.8%
Truman Burbank (The Truman Show)
63.8%
Thor (Thor)
60.3%
Tiana (The Princess and the Frog)
59.3%
Tallahassee (Zombieland)
54.6%
Tom Hagen (The Godfather)
53.8%
Trinity (The Matrix)
49.7%
Tommy Callahan Jr. (Tommy Boy)
48.2%
picture name % Correct
Tom Joad (The Grapes of Wrath)
46.9%
Travis Bickle (Taxi Driver)
40.9%
Toula Portokalos (My Big Fat Greek Wedding)
34.8%
Tim the Enchanter (Monty Python...)
34.4%
Topper Harley (Hot Shots! Part Deux)
33.6%
Tiffany Case (Diamonds Are Forever)
32.3%
T-1000 (Terminator 2)
32.2%
Tarzan (Tarzan series)
30.6%
Théoden (Lord of the Rings)
28.3%
Ty Webb (Caddyshack)
24.9%
Tracy Flick (Election)
19.3%
Templeton (Charlotte's Web)
13.8%

You're not logged in!

Compare scores with friends on all Sporcle quizzes.
OR
Log In

You Might Also Like...

Show Comments

Extras

Top Quizzes Today


Score Distribution

Your Account Isn't Verified!

In order to create a playlist on Sporcle, you need to verify the email address you used during registration. Go to your Sporcle Settings to finish the process.

Report this User

Report this user for behavior that violates our Community Guidelines.

Details: